000 00396nam a22001577a 4500
003 OSt
005 20180402111038.0
008 150215b xxu||||| |||| 00| 0 eng d
040 _cna
041 _aeng
100 1 _aHolmes, L. Seale
245 1 0 _aHolmes Specialized Philatelic Cat of Canada & Brit North Am (11th ed 1968)
260 _bRyerson Press
_c1959
300 _a0 pages
942 _2lcc
_cBK
999 _c755
_d755